header

The voyage of contemporary Japanese theatre (Record no. 748)

MARC details
000 -LEADER
fixed length control field 01333nam a2200325 a 4500
082 04 - DEWEY DECIMAL CLASSIFICATION NUMBER
Classification number 792/.0954/0904
100 1# - MAIN ENTRY--AUTHOR NAME
Personal name Senda, Akihiko,
245 14 - TITLE STATEMENT
Title The voyage of contemporary Japanese theatre
260 ## - PUBLICATION, DISTRIBUTION, ETC. (IMPRINT)
Place of publication Honolulu :
Name of publisher University of Hawai'i Press,
Year of publication c1997.
300 ## - PHYSICAL DESCRIPTION
Number of Pages xix, 306 p. :
Other physical details ill.
650 #0 - SUBJECT ADDED ENTRY--TOPICAL TERM
Topical Term Theater
Topical Term Japanese drama
856 40 - ELECTRONIC LOCATION AND ACCESS
Uniform Resource Identifier http://site.ebrary.com/lib/rucke/Doc?id=5004370

No items available.

© 2026 Rongo University
Contact us: librarian | system librarian | Rongo university